Statistics for Countries With The Least Popular Starting Letters

Click here to take the quiz!

General Stats

  • This quiz has been taken 40 times
    (35 since last reset)
  • The average score is 22 of 26

Answer Stats

LetterCountry% Correct
QQatar
97%
YYemen
97%
OOman
94%
DDenmark
91%
ZZimbabwe
91%
DDjibouti
88%
JJamaica
88%
VVatican City
88%
VVenezuela
88%
ZZambia
88%
FFiji
85%
HHaiti
85%
JJapan
85%
JJordan
85%
RRussia
85%
VVanuatu
85%
FFrance
82%
HHungary
82%
VVietnam
82%
DDominica
79%
DDominican Republic
79%
FFinland
79%
HHonduras
79%
RRomania
79%
RRwanda
79%
DDemocratic Republic of the Congo
62%

Score Distribution

Percentile by Number Answered

Percent of People with Each Score

Your Score History

You have not taken this quiz since the last reset